Kiina kuvien mukaan - Statistics

Yleistilastot
  • Tätä visaa on pelattu 587 kertaa
  • Keskiarvotulos 11 / 18
Vastaustilastot
Kuvavisa Hint Vastaus % Oikein
Isopanda
100%
Bambu
97%
Kiinan muuri
96%
(olento) Lohikäärme
88%
Mount {Everest}
82%
Shanghai
77%
Mao Zedong
75%
Hongkong
70%
(uskonto) Buddhalaisuus
60%
{Terrakotta}-armeija
58%
(kiinalainen keksintö) Posliini
57%
(nykyinen presidentti) Xi Jinping
57%
(joki) Jangtse
48%
{Tiananmenin} aukio
47%
(olympialaisten tapahtumapaikka) Linnunpesä
26%
(kaupunki) Lhasa
22%
(kaupunki) Harbin
12%
(kirjoitustyyli) Kalligrafia
9%
Ehtoja vastaavia visoja ei löytynyt
Tulosjakauma
Jokaisen tuloksen saaneiden osuus
Persentiili vastausten määrän mukaan
Tuloshistoriasi
Et ole pelannut tätä visaa